Why the EU needs only one eastern policy: deficits of the existing framework

Rozpor medzi cieľmi a nástrojmi. Bilaterálna verzus regionálna stratégia. "Regionálna diera" v prístupe EÚ. Prečo a ktoré sektory regionalizovať. Deficit vo vnútri EÚ. Neflexibilná politika plánovania. Strategické nezrovnalosti. Inštitucionálne nedostatky. Zahraničná politika verzus politika rozširo...

Ausführliche Beschreibung

Gespeichert in:
Bibliographische Detailangaben
1. Verfasser: Duleba, Alexander
Format: Buchkapitel
Sprache:Englisch
Schlagworte:
Tags: Tag hinzufügen
Keine Tags, Fügen Sie das erste Tag hinzu!

MARC

LEADER 00000naa$a2200000$$$4500
001 0057122
005 20231009112042.9
041 0 |a eng 
044 |a SK 
245 1 0 |a Why the EU needs only one eastern policy: deficits of the existing framework  |c Alexander Duleba 
520 |a Rozpor medzi cieľmi a nástrojmi. Bilaterálna verzus regionálna stratégia. "Regionálna diera" v prístupe EÚ. Prečo a ktoré sektory regionalizovať. Deficit vo vnútri EÚ. Neflexibilná politika plánovania. Strategické nezrovnalosti. Inštitucionálne nedostatky. Zahraničná politika verzus politika rozširovania EÚ. 
610 2 0 |a politika zahraničná 
610 2 0 |a politika medzinárodná 
610 2 0 |a politika regionálna 
610 2 0 |a plánovanie 
610 2 0 |a inštitúcia 
610 2 0 |a Európska únia 
610 2 0 |a východná Európa 
100 1 |a Duleba, Alexander